Preparación y empleo del hormigón

Sábháilte in:
Sonraí bibleagrafaíochta
Príomhchruthaitheoirí: Mangel, Siegfried (autor), Seeling, Reinhard (Údar)
Formáid: LEABHAR
Teanga:Spáinnis
Foilsithe / Cruthaithe: Barcelona Gustavo Gili 1976
Ábhair:
Clibeanna: Cuir clib leis
Níl clibeanna ann, Bí ar an gcéad duine le clib a chur leis an taifead seo!

MARC

LEADER 00000nam a2200000 a 4500
001 UCU7751
003 CL-VaPUC
008 960705e19760000SP |||||||||||||||||spa|d
082 0 4 |a 666.893  |b MAN  |2 21 
100 |a Mangel, Siegfried  |e autor  |9 366796 
700 0 |a Seeling, Reinhard  |e author  |9 366797 
245 1 0 |a Preparación y empleo del hormigón 
300 |a 175 p 
942 |c BK 
945 |d 19960705 00:00:00  |a paguirre 
260 |a Barcelona  |b Gustavo Gili  |c 1976 
650 0 |a Tecnología química   |9 263002 
650 0 |a Hormigones  |9 262546 
650 0 |a Materiales de construcción  |9 260197 
650 7 |a CONDUCCIONES POR TUBERIAS  |2 CL-VaPUC  |9 366798 
650 7 |a CEMENTOS  |2 CL-VaPUC  |9 262741 
583 |a last modification  |c 20110930 02:54:56  |k Rodrigo Vera 
999 |c 250331  |d 250329